Statistics for State Capitals Closest to Vancouver

Click here to take the quiz!

General Stats

  • This quiz has been taken 52 times
  • The average score is 8 of 10

Answer Stats

Distance (Miles)State Capital% Correct
154Olympia
91%
509.9Boise
88%
742.6Sacramento
88%
545.4Helena
85%
298.7Salem
85%
800.9Salt Lake City
85%
1,041.3Bismark
82%
1,048.5Cheyenne
79%
716.9Carson City
74%
774.3Juneau
71%

Score Distribution

Percentile by Number Answered

Percent of People with Each Score

Your Score History

You have not taken this quiz